Taylor Swift songs on 'W' - Statistics

General Stats
  • This quiz has been taken 1,292 times
  • The average score is 3 of 6
Answer Stats
Answers % Correct
We are never ever getting back
72%
Wonderland
63%
Wildest Dreams
53%
White Horse
51%
Welcome to New York
40%
White Christmas
9%
No matching quizzes found
Score Distribution
Percent of People with Each Score
Percentile by Number Answered
Your Score History
You have not taken this quiz